01070 2200421 4500001002100000005001500021035002000036245006600056100001200122250000600134300003500140700001700175260004700192082001200239084001800251020002300269650001600292990001700308990001700325990001700342990001700359990001700376990001700393990001700410990001700427990001700444990001700461990001700478990001700495990001700512990001700529990001700546990001700563990001700580990001700597990001700614990001700631INLIS00000000000006020180811122606 a0010-08180000241 aAyo Belajar Menghitung Waris /cHidayat; Editor, Deni Ramdani0 aHidayat a- aiv, 51 hlm. :bilus. ;c21 cm.0 aDeni Ramdani aBandung :bPT Imperial Bhakti Utama,c2009 a297.273 a297.273 HID a a978-602-88318-25-9 aHukum Waris a00250/P/2018 a00251/P/2018 a00252/P/2018 a00253/P/2018 a00253/P/2018 a00250/P/2018 a00251/P/2018 a00252/P/2018 a00252/P/2018 a00250/P/2018 a00251/P/2018 a00253/P/2018 a00251/P/2018 a00250/P/2018 a00252/P/2018 a00253/P/2018 a00250/P/2018 a00251/P/2018 a00252/P/2018 a00253/P/2018